[Event "DVM U14w 2014"]
[Site "Regensburg GER"]
[Date "2014.12.28"]
[Round "4"]
[White "Allin, Katharina"]
[Black "Bashylina, Luisa"]
[Result "1-0"]
[Termination "normal"]
[Board "2.4"]
[WhiteElo "1363"]
[BlackElo "1006"]
[WhiteClock "00:25:51"]
[BlackClock "00:47:19"]
[WhiteTeam "SV Empor Erfurt"]
[BlackTeam "SG Solingen"]
[PlyCount "83"]
[WhiteFideId "12903779"]
[BlackFideId "12983292"]
[EventCountry "GER"]
[EventRounds "7"]
[EventType "team-swiss"]
[EventDate "2014.12.26"]

1. e4 {[%clk 1:30:58]} e5 {[%clk 1:30:56]} 2. Nf3 d6 {[%clk 1:31:18]} 3. Bc4
{[%clk 1:31:26]} Be7 {[%clk 1:31:02]} 4. Nc3 {[%clk 1:30:51]} Nf6 {[%clk
1:31:20]} 5. d3 {[%clk 1:31:11]} O-O {[%clk 1:31:30]} 6. Bg5 {[%clk 1:29:23]}
h6 {[%clk 1:31:01]} 7. Bh4 {[%clk 1:29:23]} Be6 {[%clk 1:30:57]} 8. Bb3 {[%clk
1:28:54]} Bxb3 {[%clk 1:31:01]} 9. axb3 {[%clk 1:29:00]} Nc6 {[%clk 1:29:47]}
10. O-O {[%clk 1:27:50]} Nh7 {[%clk 1:27:20]} 11. Bg3 {[%clk 1:25:17]} f5
{[%clk 1:26:56]} 12. exf5 {[%clk 1:23:02]} Rxf5 {[%clk 1:26:44]} 13. Re1 {[%clk
1:22:01]} Qe8 {[%clk 1:22:49]} 14. d4 {[%clk 1:13:10]} Nxd4 {[%clk 1:19:59]}
15. Nxd4 {[%clk 1:12:52]} exd4 {[%clk 1:20:19]} 16. Qxd4 {[%clk 1:12:24]} Qd7
{[%clk 1:18:00]} 17. Nd5 {[%clk 1:02:53]} Bf6 {[%clk 1:14:31]} 18. Qc4 {[%clk
1:00:34]} Kh8 {[%clk 1:13:40]} 19. Qxc7 {[%clk 0:56:54]} Qxc7 {[%clk 1:13:56]}
20. Nxc7 {[%clk 0:57:14]} Rc8 {[%clk 1:14:10]} 21. Re8+ {[%clk 0:55:27]} Rxe8
{[%clk 1:14:03]} 22. Nxe8 {[%clk 0:55:52]} Bxb2 {[%clk 1:13:32]} 23. Rxa7
{[%clk 0:53:26]} Rd5 {[%clk 1:12:38]} 24. h3 {[%clk 0:52:24]} Ng5 {[%clk
1:10:30]} 25. Nxd6 {[%clk 0:49:57]} Rd1+ {[%clk 1:06:45]} 26. Kh2 {[%clk
0:49:12]} Bd4 {[%clk 1:03:58]} 27. Rxb7 {[%clk 0:47:21]} Rc1 {[%clk 1:02:45]}
28. Rc7 {[%clk 0:45:46]} h5 {[%clk 1:01:27]} 29. Bf4 {[%clk 0:37:41]} Rb1
{[%clk 1:01:03]} 30. Bxg5 {[%clk 0:36:12]} Be5+ {[%clk 1:01:15]} 31. g3 {[%clk
0:35:27]} Bxd6 {[%clk 1:01:33]} 32. Rc8+ {[%clk 0:34:22]} Kh7 {[%clk 1:01:51]}
33. Kg2 {[%clk 0:33:28]} Re1 {[%clk 0:59:17]} 34. Be3 {[%clk 0:31:26]} Ra1
{[%clk 0:54:50]} 35. Rc6 {[%clk 0:30:26]} Bb4 {[%clk 0:54:24]} 36. Rc4 {[%clk
0:29:21]} Bd6 {[%clk 0:53:17]} 37. Rh4 {[%clk 0:27:54]} g6 {[%clk 0:52:56]} 38.
Ra4 {[%clk 0:27:32]} Rb1 {[%clk 0:49:17]} 39. Ra7+ {[%clk 0:25:29]} Kh8 {[%clk
0:49:21]} 40. Rb7 {[%clk 0:25:11]} Rb2 {[%clk 0:49:17]} 41. Bd4+ {[%clk
0:25:30]} Kg8 {[%clk 0:47:19]} 42. Bxb2 {[%clk 0:25:51]} 1-0

[Event "DVM U14w 2014"]
[Site "Regensburg GER"]
[Date "2014.12.28"]
[Round "4"]
[White "Schneider, Jana"]
[Black "Poetsch, Leonore"]
[Result "1-0"]
[Termination "normal"]
[Board "3.1"]
[WhiteElo "1759"]
[BlackElo "1603"]
[WhiteTeam "SK Neumarkt"]
[BlackTeam "SK Langen"]
[PlyCount "45"]
[WhiteFideId "12924997"]
[BlackFideId "12940372"]
[EventCountry "GER"]
[EventRounds "7"]
[EventType "team-swiss"]
[EventDate "2014.12.26"]

1. e4 {[%emt 0:00:00]} e6 2. d4 d5 3. Nd2 dxe4 4. Nxe4 Nd7 5. Nf3 Ngf6 6. Bd3
Be7 7. Bf4 Nxe4 8. Bxe4 Nf6 9. Bd3 O-O 10. Qe2 c6 11. O-O-O b5 12. Be5 a5 13.
Bxf6 Bxf6 14. Qe4 Bg5+ 15. Kb1 g6 16. h4 Bf6 17. h5 Qd5 18. hxg6 fxg6 19. Qe3
Qd7 20. Ne5 Bxe5 21. Qxe5 Rxf2 22. Bxg6 hxg6 23. Qh8+ 1-0

[Event "DVM U14w 2014"]
[Site "Regensburg GER"]
[Date "2014.12.28"]
[Round "4"]
[White "Reinecke, Katharina"]
[Black "Schilay, Eva"]
[Result "1-0"]
[Termination "normal"]
[Board "3.2"]
[WhiteElo "1671"]
[BlackElo "1464"]
[WhiteTeam "SK Langen"]
[BlackTeam "SK Neumarkt"]
[PlyCount "69"]
[WhiteFideId "12929727"]
[BlackFideId "12930164"]
[EventCountry "GER"]
[EventRounds "7"]
[EventType "team-swiss"]
[EventDate "2014.12.26"]

1. d4 {[%emt 0:00:00]} d5 {[%emt 0:00:00]} 2. c4 e5 3. dxe5 d4 4. Nf3 Nc6 5. g3
Bb4+ 6. Bd2 Bc5 7. Bg2 Bg4 8. Qc1 Nge7 9. O-O O-O 10. e3 Ng6 11. exd4 Nxd4 12.
Nxd4 Bxd4 13. Nc3 c6 14. Be3 Bxe5 15. Qc2 Qc7 16. b3 Rad8 17. f3 Be6 18. f4
Bxc3 19. Qxc3 Bg4 20. Qc2 Rfe8 21. Rfe1 b6 22. Bf2 c5 23. Rxe8+ Rxe8 24. Re1
Rd8 25. Be3 Qd6 26. Qe4 Qd7 27. Qd5 Ne7 28. Qxd7 Rxd7 29. h3 Be6 30. g4 Rd8 31.
f5 Bc8 32. Bg5 f6 33. Bxf6 gxf6 34. Rxe7 Rd7 35. Re8+ 1-0

[Event "DVM U14w 2014"]
[Site "Regensburg GER"]
[Date "2014.12.28"]
[Round "4"]
[White "Schilay, Maria"]
[Black "Flach, Helene"]
[Result "0-1"]
[Termination "normal"]
[Board "3.3"]
[WhiteElo "1234"]
[BlackElo "1667"]
[WhiteTeam "SK Neumarkt"]
[BlackTeam "SK Langen"]
[PlyCount "122"]
[WhiteFideId "12942979"]
[BlackFideId "12929735"]
[EventCountry "GER"]
[EventRounds "7"]
[EventType "team-swiss"]
[EventDate "2014.12.26"]

1. e4 c5 2. Nc3 e6 3. g3 Nc6 4. Bg2 Nf6 5. d3 Be7 6. Be3 d5 7. d4 cxd4 8. Bxd4
e5 9. Be3 d4 10. Bd2 dxc3 11. Bxc3 Qxd1+ 12. Rxd1 O-O 13. Ne2 Bg4 14. f3 Be6
15. a3 Rad8 16. O-O Rxd1 17. Rxd1 Rd8 18. Rf1 Bc5+ 19. Kh1 Nd4 20. Rd1 Bb6 21.
Nxd4 exd4 22. Bb4 Rd7 23. Bf1 h6 24. Bb5 Rc7 25. c3 Bb3 26. Rd2 a6 27. Be2 Rd7
28. e5 Nd5 29. f4 Ba4 30. Bc4 Nxb4 31. cxb4 d3 32. Kg2 Bc6+ 33. Kh3 Be4 34. e6
Bf5+ 35. Kg2 Bxe6 36. Rxd3 Rxd3 37. Bxd3 Bd5+ 38. Kh3 Bd4 39. Bf5 Bxb2 40. a4
Bc6 41. Bc2 Bc3 42. Kg4 Bd7+ 43. Kf3 Bxb4 44. Bb3 Kf8 45. Ke4 Ke7 46. Ke5 f6+
47. Kd5 Be6+ 48. Kd4 Bxb3 49. h3 Bxa4 50. Kc4 a5 51. Kd4 Bb3 52. Kd3 a4 53. Ke3
a3 54. Kd3 a2 55. Ke3 a1=Q 56. h4 Qe1+ 57. Kd4 Bc3+ 58. Kc5 Qe3+ 59. Kb5 Qd3+
60. Kb6 Qd6+ 61. Kb5 Qb4# 0-1

[Event "DVM U14w 2014"]
[Site "Regensburg GER"]
[Date "2014.12.28"]
[Round "4"]
[White "Lehnert, Anna-Victoria"]
[Black "Held, Fabienne"]
[Result "0-1"]
[Termination "normal"]
[Board "3.4"]
[WhiteElo "1093"]
[BlackElo "1058"]
[WhiteTeam "SK Langen"]
[BlackTeam "SK Neumarkt"]
[PlyCount "72"]
[WhiteFideId "12957062"]
[BlackFideId "12964670"]
[EventCountry "GER"]
[EventRounds "7"]
[EventType "team-swiss"]
[EventDate "2014.12.26"]

1. d4 {[%emt 0:00:00]} d5 2. c4 c6 3. Nc3 Nf6 4. Bf4 Bf5 5. Nf3 e6 6. e3 Bb4 7.
a3 Be7 8. Qb3 b6 9. Ne5 Bd6 10. Nd3 Bxf4 11. exf4 Nbd7 12. c5 bxc5 13. Nxc5
Nxc5 14. dxc5 Rb8 15. Qa4 Qd7 16. b4 d4 17. Nb1 O-O 18. Be2 d3 19. Bf3 Ne4 20.
Ra2 Rfd8 21. Nd2 Qd4 22. O-O Nc3 23. Nb3 Qxf4 24. Qxc6 Nxa2 25. g3 Qg5 26. Na5
Bh3 27. Rb1 Nc3 28. Ra1 d2 29. Bd1 Nxd1 30. Rxd1 Qg4 31. f3 Qd4+ 32. Kh1 Qf2
33. f4 Qe2 34. Rg1 d1=Q 35. Nc4 Qxg1+ 36. Kxg1 Qf1# 0-1

[Event "DVM U14w 2014"]
[Site "Regensburg GER"]
[Date "2014.12.28"]
[Round "4"]
[White "Halas, Julia"]
[Black "Mönster, Madita"]
[Result "1-0"]
[Termination "normal"]
[Board "4.1"]
[WhiteElo "1624"]
[BlackElo "1602"]
[WhiteTeam "SG Leipzig"]
[BlackTeam "SK Nordhorn-Blanke"]
[PlyCount "55"]
[WhiteFideId "12931810"]
[BlackFideId "12947156"]
[EventCountry "GER"]
[EventRounds "7"]
[EventType "team-swiss"]
[EventDate "2014.12.26"]

1. d4 {[%emt 0:00:00]} Nf6 {[%emt 0:00:00]} 2. c4 e6 3. Nf3 c5 4. d5 exd5 5.
cxd5 Bd6 6. Nc3 O-O 7. Bg5 Re8 8. Qc2 Na6 9. g3 b6 10. Bg2 Bb7 11. Rd1 Nc7 12.
Qf5 a6 13. O-O b5 14. Ne4 Rxe4 15. Bxf6 Qxf6 16. Qxe4 Re8 17. Qc2 Bxd5 18. Nh4
Bxg2 19. Nxg2 Rd8 20. Rd3 c4 21. Rf3 Qe6 22. Rd1 Be5 23. Nf4 Qc6 24. Qf5 d6 25.
Nd5 Rd7 26. Nb4 g6 27. Nxc6 gxf5 28. Nxe5 1-0

[Event "DVM U14w 2014"]
[Site "Regensburg GER"]
[Date "2014.12.28"]
[Round "4"]
[White "ter Stal, Esther"]
[Black "Schmidt, Alexandra"]
[Result "1/2-1/2"]
[Termination "normal"]
[Board "4.2"]
[WhiteElo "1482"]
[BlackElo "1508"]
[WhiteTeam "SK Nordhorn-Blanke"]
[BlackTeam "SG Leipzig"]
[PlyCount "89"]
[WhiteFideId "12944467"]
[BlackFideId "12946036"]
[EventCountry "GER"]
[EventRounds "7"]
[EventType "team-swiss"]
[EventDate "2014.12.26"]

1. d4 {[%emt 0:00:00]} Nf6 {[%emt 0:00:00]} 2. Nf3 g6 3. c4 Bg7 4. Nc3 O-O 5.
e4 d6 6. Be2 Nc6 7. d5 Ne5 8. O-O e6 9. Bd2 exd5 10. cxd5 Nxf3+ 11. Bxf3 Ne8
12. Rc1 f5 13. Re1 fxe4 14. Bxe4 Be5 15. Bh6 Rf7 16. Qd2 Qf6 17. Rcd1 Ng7 18.
Bg5 Bf4 19. Bxf4 Qxf4 20. Qxf4 Rxf4 21. Rc1 a6 22. Bf3 Rf7 23. Ne4 h6 24. Rc2
Bf5 25. Rec1 Rc8 26. Nxd6 Bxc2 27. Nxf7 Kxf7 28. Rxc2 Nf5 29. Bg4 Kf6 30. g3
Ke5 31. Bxf5 gxf5 32. Rd2 Rd8 33. Re2+ Kf6 34. Re6+ Kg5 35. Re7 Rxd5 36. Rxc7
Kg4 37. Kg2 Rb5 38. b3 Rb6 39. Rg7+ Kh5 40. h4 Rb4 41. Kh3 Rg4 42. Rxb7 f4 43.
Rb6 f3 44. Rxa6 Rxh4+ 45. gxh4 1/2-1/2

[Event "DVM U14w 2014"]
[Site "Regensburg GER"]
[Date "2014.12.28"]
[Round "4"]
[White "Oswald, Lena"]
[Black "Hallfarth, Freya"]
[Result "0-1"]
[Termination "normal"]
[Board "4.3"]
[WhiteElo "1313"]
[BlackElo "1125"]
[WhiteTeam "SG Leipzig"]
[BlackTeam "SK Nordhorn-Blanke"]
[PlyCount "70"]
[WhiteFideId "12983314"]
[BlackFideId "12981168"]
[EventCountry "GER"]
[EventRounds "7"]
[EventType "team-swiss"]
[EventDate "2014.12.26"]

1. e4 {[%emt 0:00:00]} e6 2. d3 d5 3. Nd2 Nf6 4. Ngf3 c5 5. g3 Be7 6. Bg2 Nc6
7. O-O O-O 8. Re1 b6 9. e5 Nd7 10. Nf1 f6 11. Bf4 fxe5 12. Nxe5 Ndxe5 13. Bxe5
Nxe5 14. Rxe5 Bf6 15. Re2 Bxb2 16. Rb1 Bd4 17. Ne3 Qg5 18. h4 Qh5 19. c4 Bb7
20. Nc2 e5 21. cxd5 Rad8 22. Nxd4 exd4 23. Re7 Qxd1+ 24. Rxd1 Rf7 25. Rde1 Bxd5
26. Re8+ Rf8 27. Rxd8 Rxd8 28. Bxd5+ Rxd5 29. Re7 a5 30. Re6 b5 31. Rb6 c4 32.
dxc4 bxc4 33. Rb1 c3 34. Kf1 d3 35. Ke1 Re5+ 0-1

[Event "DVM U14w 2014"]
[Site "Regensburg GER"]
[Date "2014.12.28"]
[Round "4"]
[White "Wolterink, Jule"]
[Black "Kahle, Leonie"]
[Result "0-1"]
[Termination "normal"]
[Board "4.4"]
[WhiteElo "1008"]
[BlackElo "1365"]
[WhiteTeam "SK Nordhorn-Blanke"]
[BlackTeam "SG Leipzig"]
[PlyCount "46"]
[WhiteFideId "12981206"]
[BlackFideId "12983306"]
[EventCountry "GER"]
[EventRounds "7"]
[EventType "team-swiss"]
[EventDate "2014.12.26"]

1. c4 e5 2. Nc3 Nf6 3. g3 Nc6 4. Bg2 Bc5 5. d3 d6 6. Bd2 Be6 7. Nf3 d5 8. cxd5
Nxd5 9. O-O Qd7 10. e3 Bh3 11. a3 Bxg2 12. Kxg2 O-O 13. Qc2 Kh8 14. Nxd5 Qxd5
15. Bc3 Rad8 16. Rfd1 f5 17. e4 Qe6 18. Rab1 Bb6 19. Qc1 fxe4 20. dxe4 Qf6 21.
Rxd8 Qxf3+ 22. Kg1 Qxf2+ 23. Kh1 Qf3# 0-1

[Event "DVM U14w 2014"]
[Site "Regensburg GER"]
[Date "2014.12.28"]
[Round "4"]
[White "Jörs, Pia-Milena"]
[Black "Riegel, Arinna"]
[Result "0-1"]
[Termination "normal"]
[Board "5.1"]
[WhiteElo "1462"]
[BlackElo "1674"]
[WhiteTeam "SG Güstrow/Teterow"]
[BlackTeam "SF Sasbach"]
[PlyCount "76"]
[WhiteFideId "12964646"]
[BlackFideId "12931446"]
[EventCountry "GER"]
[EventRounds "7"]
[EventType "team-swiss"]
[EventDate "2014.12.26"]

1. d4 {[%emt 0:00:00]} d5 {[%emt 0:00:00]} 2. c4 e6 3. Nc3 Nf6 4. Bg5 Be7 5.
cxd5 Nxd5 6. Bxe7 Nxe7 7. e4 Nd7 8. Bc4 Nf6 9. Nf3 O-O 10. O-O b6 11. Re1 Bb7
12. Rc1 Rc8 13. b4 c5 14. bxc5 bxc5 15. e5 Nfd5 16. Nxd5 Nxd5 17. dxc5 Rxc5 18.
Bb3 Qc7 19. Rxc5 Qxc5 20. Qd4 Rc8 21. Qxc5 Rxc5 22. h3 h6 23. Nd2 Nf4 24. Nf3
Bxf3 25. gxf3 Nd3 26. Re3 Nxe5 27. Kg2 Kf8 28. Kg3 Ke7 29. f4 Nc6 30. Bd1 Kf6
31. h4 Nb4 32. a3 Nd5 33. Re4 Rc3+ 34. Kg4 Ke7 35. f5 Nf6+ 36. Kf4 Nxe4 37.
Kxe4 exf5+ 38. Kxf5 Rxa3 0-1

[Event "DVM U14w 2014"]
[Site "Regensburg GER"]
[Date "2014.12.28"]
[Round "4"]
[White "Ehmann, Johanna"]
[Black "Eulitz, Charlotte"]
[Result "1-0"]
[Termination "normal"]
[Board "5.2"]
[WhiteElo "1563"]
[BlackElo "1482"]
[WhiteTeam "SF Sasbach"]
[BlackTeam "SG Güstrow/Teterow"]
[PlyCount "77"]
[WhiteFideId "12953130"]
[BlackFideId "12964654"]
[EventCountry "GER"]
[EventRounds "7"]
[EventType "team-swiss"]
[EventDate "2014.12.26"]

1. e4 {[%emt 0:00:00]} e5 2. Nf3 Nc6 3. d4 exd4 4. Bc4 Nf6 5. e5 d5 6. Bb5 Ne4
7. Nxd4 Bd7 8. Bxc6 Bxc6 9. O-O Bc5 10. f3 Ng5 11. f4 Ne6 12. Be3 O-O 13. f5
Nxd4 14. Bxd4 Bxd4+ 15. Qxd4 f6 16. e6 Qd6 17. Nc3 b6 18. Rae1 Rfe8 19. Qf4
Qc5+ 20. Kh1 d4 21. Ne4 Qxc2 22. Rf2 Qc4 23. Qxc7 Qb4 24. Rfe2 Bxe4 25. Qf7+
Kh8 26. Rxe4 Re7 27. a3 Qd6 28. Rxd4 Qxd4 29. Qxe7 Qxb2 30. Qd7 Qc3 31. Rd1 h6
32. e7 Kh7 33. e8=Q Rxe8 34. Qxe8 Qc7 35. Re1 Qd6 36. Qg6+ Kg8 37. Re8+ Qf8 38.
Rxf8+ Kxf8 39. Qg3 1-0

[Event "DVM U14w 2014"]
[Site "Regensburg GER"]
[Date "2014.12.28"]
[Round "4"]
[White "Maßloch, Lea"]
[Black "Lohrmann, Tabea"]
[Result "0-1"]
[Termination "normal"]
[Board "5.3"]
[WhiteElo "1133"]
[BlackElo "1465"]
[WhiteTeam "SG Güstrow/Teterow"]
[BlackTeam "SF Sasbach"]
[PlyCount "30"]
[WhiteFideId "12957909"]
[BlackFideId "12911941"]
[EventCountry "GER"]
[EventRounds "7"]
[EventType "team-swiss"]
[EventDate "2014.12.26"]

1. e4 e5 2. f4 Nc6 3. Nf3 d5 4. exd5 Qxd5 5. Nc3 Qd8 6. Bc4 Bg4 7. fxe5 Bc5 8.
Be2 Nge7 9. d3 Ng6 10. Bd2 O-O 11. h3 Bxf3 12. h4 Bxg2 13. Rh2 Qd4 14. Be3 Qxe3
15. Rxg2 Nxh4 0-1

[Event "DVM U14w 2014"]
[Site "Regensburg GER"]
[Date "2014.12.28"]
[Round "4"]
[White "Peil, Celine"]
[Black "Schneider, Xenia"]
[Result "1-0"]
[Termination "normal"]
[Board "6.1"]
[WhiteElo "1870"]
[BlackElo "1107"]
[WhiteTeam "USG Chemnitz"]
[BlackTeam "SK Endingen"]
[PlyCount "65"]
[WhiteFideId "12942219"]
[BlackFideId "12911984"]
[EventCountry "GER"]
[EventRounds "7"]
[EventType "team-swiss"]
[EventDate "2014.12.26"]

1. e4 c5 2. Nf3 e6 3. d4 cxd4 4. Nxd4 d6 5. Nc3 Be7 6. Bc4 Nf6 7. O-O O-O 8. f4
e5 9. Nf3 Bg4 10. Kh1 Nc6 11. Be3 Rc8 12. Bb3 a6 13. a3 Qd7 14. Qd3 Be6 15. Nd5
Bxd5 16. Bxd5 exf4 17. Bxf4 Rfd8 18. Ng5 Nxd5 19. Qxd5 Ne5 20. Bxe5 Bxg5 21.
Bxg7 Rc5 22. Qd4 Qg4 23. Bh8 Bh6 24. Qf6 Qg6 25. Qxd8+ Bf8 26. Qf6 Rxc2 27.
Qxg6+ hxg6 28. Bc3 Bh6 29. Rad1 Bg5 30. Rxd6 Bf4 31. Rd7 b5 32. Rd8+ Kh7 33.
Rh8# 1-0

[Event "DVM U14w 2014"]
[Site "Regensburg GER"]
[Date "2014.12.28"]
[Round "4"]
[White "Wienhold, Nadine"]
[Black "Wagner, Anna"]
[Result "1-0"]
[Termination "normal"]
[Board "6.3"]
[WhiteElo "1391"]
[BlackElo "937"]
[WhiteTeam "USG Chemnitz"]
[BlackTeam "SK Endingen"]
[PlyCount "91"]
[WhiteFideId "12964514"]
[BlackFideId "12983489"]
[EventCountry "GER"]
[EventRounds "7"]
[EventType "team-swiss"]
[EventDate "2014.12.26"]

1. c4 {[%emt 0:00:00]} c6 2. Nc3 d5 3. cxd5 cxd5 4. g3 e6 5. Bg2 Bb4 6. Nf3
Bxc3 7. bxc3 Nc6 8. O-O Nf6 9. Ba3 d4 10. cxd4 Nxd4 11. Qa4+ Nc6 12. Ne5 Bd7
13. Nxc6 bxc6 14. Bxc6 Bxc6 15. Qxc6+ Qd7 16. Qxa8+ Qd8 17. Qxd8+ Kxd8 18. Rfc1
Kd7 19. Rab1 Ne4 20. d3 Nd6 21. Bxd6 Kxd6 22. Rb7 a5 23. Rxf7 Rg8 24. Rcc7 a4
25. Rxg7 Rxg7 26. Rxg7 Kc5 27. Rxh7 Kb4 28. Re7 Ka3 29. Rxe6 Kxa2 30. Ra6 a3
31. h4 Kb2 32. h5 a2 33. h6 a1=Q+ 34. Rxa1 Kxa1 35. h7 Kb2 36. h8=Q+ Kb3 37.
Qc8 Kb4 38. f4 Kb5 39. Kf2 Kb4 40. Ke3 Kb5 41. Kd4 Kb6 42. Qc5+ Kb7 43. Kd5 Ka6
44. Qb4 Ka7 45. Kc6 Ka8 46. Qb7# 1-0

[Event "DVM U14w 2014"]
[Site "Regensburg GER"]
[Date "2014.12.28"]
[Round "4"]
[White "Reinbold, Sorah Marie"]
[Black "Belusa, Laura Sophie"]
[Result "0-1"]
[Termination "normal"]
[Board "6.4"]
[WhiteElo "869"]
[BlackElo "1126"]
[WhiteTeam "SK Endingen"]
[BlackTeam "USG Chemnitz"]
[PlyCount "74"]
[WhiteFideId "12983497"]
[BlackFideId "12964522"]
[EventCountry "GER"]
[EventRounds "7"]
[EventType "team-swiss"]
[EventDate "2014.12.26"]

1. e4 {[%emt 0:00:00]} e5 {[%emt 0:00:00]} 2. Nf3 {[%emt 0:00:00]} Nc6 3. Bc4
Bc5 4. c3 Nf6 5. d4 exd4 6. cxd4 Bb4+ 7. Nc3 Bxc3+ 8. bxc3 Nxe4 9. O-O O-O 10.
Bd5 Nxc3 11. Qb3 Nxd5 12. Qxd5 d6 13. h3 Be6 14. Qe4 Re8 15. Qd3 d5 16. Bg5 Qd7
17. Ne5 Nxe5 18. dxe5 Bf5 19. Qg3 Qe6 20. Rfe1 Qg6 21. Rad1 c6 22. Rd4 h6 23.
Be3 Qxg3 24. fxg3 Rad8 25. Rf4 g6 26. Rf2 Rxe5 27. g4 Bd3 28. Rd2 Bc4 29. Rc2
Rde8 30. Rc3 b5 31. a4 b4 32. Rcc1 Rxe3 33. Red1 b3 34. Rb1 Rb8 35. Kf2 Rc3 36.
Ke1 Rc2 37. Rbc1 Re8# 0-1

[Event "DVM U14w 2014"]
[Site "Regensburg GER"]
[Date "2014.12.28"]
[Round "4"]
[White "Shvartsman, Kristina"]
[Black "Weiten, Anna"]
[Result "1/2-1/2"]
[Termination "normal"]
[Board "7.2"]
[WhiteElo "1388"]
[BlackElo "1222"]
[WhiteTeam "SK Gräfelfing"]
[BlackTeam "SV 1926 Riegelsberg"]
[PlyCount "63"]
[WhiteFideId "12983438"]
[BlackFideId "12938203"]
[EventCountry "GER"]
[EventRounds "7"]
[EventType "team-swiss"]
[EventDate "2014.12.26"]

1. e4 e5 2. Nf3 Nc6 3. Bc4 Nf6 4. d3 Bc5 5. Be3 Bb6 6. c3 d6 7. Nbd2 Bg4 8. Nf1
O-O 9. Ng3 h6 10. Bb3 Re8 11. Qd2 Bxe3 12. fxe3 d5 13. exd5 Nxd5 14. O-O Qd6
15. e4 Nf4 16. Nxe5 Nxe5 17. Qxf4 Be6 18. d4 Ng6 19. Qf2 Rf8 20. Nf5 Qd7 21.
Rae1 Rae8 22. Qd2 Ne7 23. Bxe6 Qxe6 24. Nxe7+ Rxe7 25. a3 Rd8 26. e5 Qd5 27.
Qf2 b6 28. Rd1 c5 29. Rfe1 cxd4 30. Rxd4 Qa8 31. Rxd8+ Qxd8 32. h3 1/2-1/2

[Event "DVM U14w 2014"]
[Site "Regensburg GER"]
[Date "2014.12.28"]
[Round "4"]
[White "Hartmann, Katrin"]
[Black "Khamenya, Vitalia"]
[Result "0-1"]
[Termination "normal"]
[Board "7.3"]
[WhiteElo "1097"]
[BlackElo "1422"]
[WhiteTeam "SV 1926 Riegelsberg"]
[BlackTeam "SK Gräfelfing"]
[PlyCount "78"]
[WhiteFideId "16200632"]
[BlackFideId "12959260"]
[EventCountry "GER"]
[EventRounds "7"]
[EventType "team-swiss"]
[EventDate "2014.12.26"]

1. e4 c5 2. Nf3 e6 3. Nc3 a6 4. Be2 Qc7 5. d3 Nc6 6. Be3 Nf6 7. Qd2 Be7 8. O-O
b5 9. Rad1 Bb7 10. d4 b4 11. Na4 cxd4 12. Nxd4 Nxe4 13. Qe1 Bd6 14. g3 h5 15.
Bf3 Nf6 16. Bg5 Nxd4 17. Rxd4 Bxf3 18. Qd2 Be5 19. Rd3 Be4 20. Re3 Bxc2 21. b3
Ne4 22. Qxb4 Nxg5 23. Rc1 h4 24. Re2 hxg3 25. fxg3 Nh3+ 26. Kf1 Qa7 27. Rexc2
Qg1+ 28. Ke2 Qxh2+ 29. Kd3 Qxg3+ 30. Kd2 Qf2+ 31. Kd3 Nf4+ 32. Ke4 d5+ 33. Kxe5
Rh5+ 34. Kd6 Rd8+ 35. Kc7 Qa7+ 36. Qb7 Rd7+ 37. Kc6 Qxb7+ 38. Kc5 d4+ 39. Kc4
Qb5# 0-1

[Event "DVM U14w 2014"]
[Site "Regensburg GER"]
[Date "2014.12.28"]
[Round "4"]
[White "Shvartsman, Julia"]
[Black "Holschuh, Nadia"]
[Result "0-1"]
[Termination "normal"]
[Board "7.4"]
[WhiteElo "1035"]
[BlackElo "750"]
[WhiteTeam "SK Gräfelfing"]
[BlackTeam "SV 1926 Riegelsberg"]
[PlyCount "118"]
[WhiteFideId "12983454"]
[BlackFideId "16200640"]
[EventCountry "GER"]
[EventRounds "7"]
[EventType "team-swiss"]
[EventDate "2014.12.26"]

1. e4 e5 2. Nf3 Nc6 3. Bc4 Nf6 4. d3 Bc5 5. Bg5 d6 6. Nc3 Bg4 7. Qd2 Qd7 8.
O-O-O O-O-O 9. h3 h6 10. hxg4 hxg5 11. Qxg5 Nxg4 12. Rxh8 Rxh8 13. Qxg7 Rh5 14.
Bxf7 Nxf2 15. Re1 Nd8 16. Qg8 Qxf7 17. Qxf7 Nxf7 18. Nd5 Ng5 19. Nf6 Rh6 20.
Ng8 Nxf3 21. gxf3 Rh3 22. Ne7+ Kd8 23. Nd5 Rxf3 24. Kb1 c6 25. Nc3 Bb4 26. Rg1
Nh3 27. Rg8+ Ke7 28. a3 Bxc3 29. bxc3 Nf4 30. Rg7+ Kf8 31. Rxb7 Ne2 32. Kb2 Rf7
33. Rb8+ Kg7 34. Rd8 Rb7+ 35. Ka1 Nxc3 36. Rd7+ Rxd7 37. Kb2 Ne2 38. c3 Nf4 39.
d4 Nd3+ 40. Kc2 Ne1+ 41. Kd1 Nf3 42. d5 cxd5 43. exd5 Rb7 44. Kc2 Rb5 45. c4
Nd4+ 46. Kc3 Rb3+ 47. Kd2 Rxa3 48. c5 dxc5 49. d6 Kf7 50. d7 Nc6 51. Kc2 e4 52.
Kb2 Rh3 53. Kc2 e3 54. Kd1 Ke7 55. d8=Q+ Kxd8 56. Ke2 Nd4+ 57. Ke1 e2 58. Kf2
Rh2+ 59. Kg1 Nf3# 0-1

[Event "DVM U14w 2014"]
[Site "Regensburg GER"]
[Date "2014.12.28"]
[Round "4"]
[White "Oberhofer, Marie"]
[Black "Rudolph, Eva"]
[Result "1-0"]
[Termination "normal"]
[Board "8.1"]
[WhiteElo "1648"]
[BlackElo "1278"]
[WhiteTeam "SC Bavaria Regensburg"]
[BlackTeam "Düsseldorfer SK"]
[PlyCount "59"]
[WhiteFideId "12938165"]
[BlackFideId "16200594"]
[EventCountry "GER"]
[EventRounds "7"]
[EventType "team-swiss"]
[EventDate "2014.12.26"]

1. e4 e5 2. Nf3 Nf6 3. d4 Nxe4 4. Bd3 d5 5. Nxe5 Be7 6. O-O O-O 7. c4 Nf6 8. b3
Be6 9. Nc3 Nbd7 10. f4 c5 11. Nxd7 Qxd7 12. f5 cxd4 13. fxe6 fxe6 14. Ne2 e5
15. cxd5 Nxd5 16. Rxf8+ Rxf8 17. Qc2 Nf6 18. Bd2 Rc8 19. Qb1 Qc6 20. Ng3 Kh8
21. Qe1 Bd6 22. Rc1 Qe8 23. Nf5 Bc7 24. Qg3 Nh5 25. Qg5 g6 26. Ne7 Rd8 27. Rxc7
Rd7 28. Qxe5+ Ng7 29. Bh6 Rxc7 30. Qxg7# 1-0

[Event "DVM U14w 2014"]
[Site "Regensburg GER"]
[Date "2014.12.28"]
[Round "4"]
[White "Kogan, Dina Rachel"]
[Black "Böse, Carolin"]
[Result "0-1"]
[Termination "normal"]
[Board "8.2"]
[WhiteElo "1229"]
[BlackElo "1410"]
[WhiteTeam "Düsseldorfer SK"]
[BlackTeam "SC Bavaria Regensburg"]
[PlyCount "104"]
[WhiteFideId "16200608"]
[BlackFideId "12929646"]
[EventCountry "GER"]
[EventRounds "7"]
[EventType "team-swiss"]
[EventDate "2014.12.26"]

1. e4 {[%emt 0:00:00]} e5 2. Nf3 Nc6 3. d4 exd4 4. Bc4 Nf6 5. e5 d5 6. Bb5 Ne4
7. Nxd4 Bd7 8. Bxc6 bxc6 9. O-O Be7 10. Nd2 Nxd2 11. Bxd2 O-O 12. Re1 c5 13.
Nf3 Bg4 14. h3 Bh5 15. Qe2 Qd7 16. c3 Qe6 17. Qd3 c4 18. Qe3 Rfe8 19. Ng5 Bxg5
20. Qxg5 Bg6 21. Re3 Rab8 22. Rf1 Rxb2 23. Ree1 Bd3 24. Bc1 Rxa2 25. Re3 Bxf1
26. Rg3 g6 27. Kxf1 Ra1 28. Kg1 Qxe5 29. Kh2 Qe1 30. Re3 Rxe3 31. Bxe3 Rd1 32.
Qd8+ Kg7 33. Bd4+ Rxd4 34. cxd4 c6 35. f4 Qe4 36. Qg5 Qxd4 37. h4 Qf6 38. Qg3
c3 39. Qf2 h5 40. g3 d4 41. Qc2 Qf5 42. Qc1 Qd3 43. Kh3 c2 44. f5 Qxf5+ 45. Kg2
Qd3 46. Kh3 Qd1 47. Qxc2 Qxc2 48. g4 Qd3+ 49. Kg2 Qe2+ 50. Kh1 d3 51. Kg1 d2
52. Kh1 d1=R# 0-1